| 000 | 00497nam a2200217Ia 4500 | ||
|---|---|---|---|
| 008 | 181129s9999 xx 000 0 und d | ||
| 020 | _a9780590121224 | ||
| 050 | _bS596 1997 | ||
| 100 | _aSimon, Seymour | ||
| 245 | 0 | _aLightning / | |
| 245 | 0 | _cby Seymour Simon. | |
| 260 | _aNew York, NY : | ||
| 260 | _bScholastic, | ||
| 260 | _c1997 | ||
| 300 | _aunpaged : | ||
| 300 | _bcolor illustrations ; | ||
| 300 | _c23cm. | ||
| 500 | _a1050L | ||
| 650 | _aLightning. | ||
| 700 | _aTitle. | ||
| 999 |
_c359901 _d359901 |
||